Datum a čas kvízu
31
Celkem bodů
Celkový počet nahraných bodů na tomto kvízu bez doplňovacích otázek.
15.
Pořadí na kvízu
Konečné umístění týmu na tomto kvízu.
Zaznamenané odpovědi
| # | Otázka | Odpověď | Body | Výsledky |
|---|---|---|---|---|
| 1. | V nabídce jedné plzeňské reali... | Zelená Hora, Černí baroni | 0 | |
| 2. | 56letá evropská politička byla... | Marine Le Pen | 1 | |
| 3. | Jak zní křestní jméno novoroze... | Arnold, třetí potomek | 0.5 | |
| 4. | Evropská komise udělila pokut... | Mercedes-Benz | 0 | |
| 5. | Atmosféra mezi istanbulskými k... | José Mourinho | 1 | |
| 6. | Miminkovské téma začněme u pro... | D | 1 | |
| 7. | Nejen lidská miminka se rodí s... | mázek | 0 | |
| 8. | Ideálně do pár hodin po porodu... | vitamín K | 0 | |
| 9. | Pro klidný spánek miminka může... | bílý šum | 0 | |
| 10. | Ve které síti drogerií nakoupí... | Rossmann | 0 |